000 00444nam a2200157Ia 4500
008 130318s9999 xx 000 0 und d
020 _a195696565
082 _a005.1 DAT/S
100 _aDatta, Subhajit
245 _aSoftware engineering: Concepts and applications
260 _bOxford University Press
_aNew Delhi
_c2010
300 _a496
650 _aOPEN SOURCE SOFTWARE
650 _aSOFTWARE DEVELOPMENT
650 _aSOFTWARE ENGINEERING
999 _c1963
_d1963